[Event "Prague-E"]
[Site "Prague"]
[Date "2019.03.15"]
[Round "8.1"]
[White "Homola, Josef"]
[Black "Svetly, Jiri"]
[Result "0-1"]
[WhiteElo "1683"]
[BlackElo "1867"]
[PlyCount "116"]
[EventDate "2019.03.09"]
[EventType "tourn"]
[EventRounds "9"]
[EventCountry "CZE"]
[SourceTitle "CBM 189 Extra"]
[Source "ChessBase"]
[SourceDate "2019.05.31"]
[SourceVersion "1"]
[SourceVersionDate "2019.05.31"]
[SourceQuality "1"]

1. e4 d6 2. d4 Nf6 3. Nc3 g6 4. f4 Bg7 5. Nf3 c5 6. dxc5 Qa5 7. Bb5+ Bd7 8. Bxd7+ Nbxd7 9. 0-0 Qxc5+ 10. Kh1 0-0 11. h3 b5 12. Qd3 b4 13. Be3 Qa5 14. e5 bxc3 15. exf6 Bxf6 16. b4 Qxb4 17. Rfb1 Qa4 18. f5 Rfb8 19. fxg6 hxg6 20. Rf1 Qb5 21. Qe4 Nc5 22. Qf4 Ne6 23. Qg3 Qb7 24. Qf4 Qb4 25. Qg3 Qe4 26. Ng5 Qe5 27. Qxe5 dxe5 28. Ne4 Bg7 29. Rab1 Rc8 30. Rb7 Rc4 31. Ng5 Nxg5 32. Bxg5 f6 33. Bc1 e6 34. g4 Rc6 35. Rd1 Rb6 36. Rdd7 Rxb7 37. Rxb7 f5 38. g5 e4 39. Kg2 Bd4 40. Kf1 Rf8 41. Ba3 Rf7 42. Rb8+ Kg7 43. Re8 e5 44. Be7 f4 45. Bf6+ Rxf6 46. gxf6+ Kxf6 47. h4 f3 48. Rf8+ Kg7 49. Rb8 e3 50. Rd8 e2+ 51. Ke1 Be3 52. Rd7+ Kf6 53. Rd6+ Kf5 54. a4 Bd2+ 55. Rxd2 cxd2+ 56. Kxd2 Ke4 57. c3 Kd5 58. a5 a6 0-1

[Event "Prague-E"]
[Site "Prague"]
[Date "2019.03.10"]
[Round "2.1"]
[White "Homola, Josef"]
[Black "Karlsson, Peter1"]
[Result "0-1"]
[WhiteElo "1683"]
[BlackElo "1793"]
[PlyCount "104"]
[EventDate "2019.03.09"]
[EventType "tourn"]
[EventRounds "9"]
[EventCountry "CZE"]
[SourceTitle "CBM 189 Extra"]
[Source "ChessBase"]
[SourceDate "2019.05.31"]
[SourceVersion "1"]
[SourceVersionDate "2019.05.31"]
[SourceQuality "1"]

1. e4 d5 2. exd5 Nf6 3. c4 c6 4. d4 cxd5 5. Nf3 Nc6 6. h3 Bf5 7. a3 e6 8. Nc3 h6 9. Be3 a6 10. Qb3 Rb8 11. cxd5 exd5 12. Be2 Be7 13. 0-0 0-0 14. Ne5 Na5 15. Qd1 Rc8 16. Rc1 Nc4 17. Nxc4 dxc4 18. Bf3 Qc7 19. Qd2 Bd6 20. g4 Bd3 21. Rfe1 Qd7 22. Kg2 b5 23. g5 hxg5 24. Bxg5 Qf5 25. Bxf6 Qxf6 26. d5 Bf4 27. Re3 Rcd8 28. Rg1 Bxe3 29. fxe3 Rfe8 30. e4 Re5 31. Qf2 Rd6 32. Kh1 Rg5 33. Qe3 Rxg1+ 34. Kxg1 Qe5 35. Bg2 Rg6 36. Kh1 Rg3 37. Qf2 Rg6 38. Qh4 Rf6 39. Qe1 Rh6 40. Qe3 f5 41. Qg5 Rf6 42. Qh5 Qe7 43. Qg5 fxe4 44. Qg4 e3 45. Ne4 e2 46. Nxf6+ Qxf6 47. Qg3 Qf1+ 48. Kh2 e1Q 49. Bxf1 Qxg3+ 50. Kxg3 Bxf1 51. h4 Kf7 52. Kf4 Ke7 0-1